Ariana Grande - Paroles bye - Statistiques

Statistiques générales
  • Ce quiz a été pris 110 fois
  • Le résultat moyen est 219 sur 280
Statistiques - réponses
Hint Réponse % Correct
Intro | Refrain Bye
99%
bye
99%
bye)
99%
(bye
99%
(bye)
99%
Boy,
97%
boy,
97%
(boy,
97%
I
96%
oh
94%
ooh)
94%
(ooh)
94%
It's
93%
it's
93%
(it's
93%
over,
93%
yeah
92%
I'm
87%
(I'm
87%
yeah
87%
to
83%
you
83%
Couplet 2 You
83%
Pré-refrain So
82%
time
82%
time)
82%
my
80%
the
80%
hmm
79%
Hmm
79%
first
77%
Couplet 1 This
77%
this
77%
we
77%
we?
77%
Didn't
76%
in
76%
And
75%
and
75%
Bye-bye
75%
know
75%
know,
75%
me
75%
mine,
73%
mine)
73%
what's
73%
been
72%
can't
72%
I've
70%
stuff
70%
finally
69%
believe
68%
just
68%
driveway
66%
takin'
66%
(takin'
66%
think
66%
through
66%
ain't
65%
up
63%
fears
61%
grab
61%
hard
61%
stronger
61%
than
61%
(than
61%
but
59%
But
59%
Courtney
59%
these
59%
for
58%
hostage
58%
how
58%
movin'
58%
pulled
58%
least,
56%
on
56%
At
55%
music
55%
both
54%
Now
54%
tried,
52%
floor,
51%
tears
51%
too
51%
better
48%
join
45%
late
44%
lose
44%
Usually,
44%
I'd
42%
turn
42%
dance
41%
you'd
41%
feels
38%
choose
35%
bittersweet
34%
look
32%
repeat
32%
repeat,
32%
repeat)
32%
back
30%
Maybe,
30%
love
28%
someday
28%
with
25%
hook
23%
we'll
23%
certainly
21%
sing
18%
Aucun quiz correspondant
Distribution des résultats
% des personnes avec chaque résultat
Percentile par nombre de réponses
Votre historique - résultats
Vous n’avez pas pris ce quiz